000 01016nac a22002891u 4500
010 _a 90014359
020 _a0893032263 (annotated instructor's ed. : pbk.)
020 _a0893037338 (pbk.)
020 _a0893031917
082 0 0 _a616.0252
_bB4967
090 _c4157
_d4157
100 _aBergeron, J. David,
245 1 0 _aFirst responder /
_cJ. David Bergeron ; Gloria Bizjak, contributing editor.
250 _a3rd ed., Annotated instructor's ed.
260 _aEnglewood Cliffs, N.J. :
_bBrady,
_cc1991.
300 _axxx, 513p. :
_bcol. ill. ;
_c28 cm.
500 _aAt head of title: Brady.
500 _aIncludes index.
650 0 _aMedical emergencies.
650 0 _aEmergencies.
650 0 _aEmergency Medical Technicians.
650 0 _aFirst Aid.
700 1 _aBizjak, Gloria.
700 1 _aWall, David M. [ed]
942 _cBB
_k616.0252B4967
999 _c4157
_d4157